|
|
|
|
| LEADER |
01445nam a22003734a 4500 |
| 001 |
EBC3004346 |
| 003 |
MiAaPQ |
| 005 |
20200520144314.0 |
| 006 |
m o d | |
| 007 |
cr cn||||||||| |
| 008 |
000505s2000 dcu sb 001 0 eng |
| 010 |
|
|
|z 00009439
|
| 020 |
|
|
|z 0815781547 (alk. paper)
|
| 020 |
|
|
|z 0815781539 (pbk. : alk. paper)
|
| 035 |
|
|
|a (MiAaPQ)EBC3004346
|
| 035 |
|
|
|a (Au-PeEL)EBL3004346
|
| 035 |
|
|
|a (CaPaEBR)ebr10026278
|
| 035 |
|
|
|a (OCoLC)228041137
|
| 040 |
|
|
|a MiAaPQ
|c MiAaPQ
|d MiAaPQ
|
| 050 |
|
4 |
|a HC79.S9
|b V68 2000
|
| 082 |
0 |
4 |
|a 361/.05
|2 21
|
| 245 |
0 |
0 |
|a Vouchers and the provision of public services
|h [electronic resource] /
|c C. Eugene Steuerle ... [al et.], editors.
|
| 260 |
|
|
|a Washington DC :
|b Brookings Institution Press :
|b Committee for Economic Development :
|b Urban Institute Press,
|c c2000.
|
| 300 |
|
|
|a viii, 552 p.
|
| 504 |
|
|
|a Includes bibliographical references and index.
|
| 533 |
|
|
|a Electronic reproduction. Ann Arbor, MI : ProQuest, 2015. Available via World Wide Web. Access may be limited to ProQuest affiliated libraries.
|
| 650 |
|
0 |
|a Subsidies.
|
| 650 |
|
0 |
|a Social service.
|
| 650 |
|
0 |
|a Subsidies
|z United States.
|
| 650 |
|
0 |
|a Social service
|z United States.
|
| 655 |
|
4 |
|a Electronic books.
|
| 700 |
1 |
|
|a Steuerle, C. Eugene,
|d 1946-
|
| 710 |
2 |
|
|a ProQuest (Firm)
|
| 856 |
4 |
0 |
|u https://ebookcentral.proquest.com/lib/matrademy/detail.action?docID=3004346
|z Click to View
|